[Event "POL-chT3 Kujawsko Pomorskie 0809"]
[Site "Poland"]
[Date "2009.03.15"]
[Round "10.22"]
[White "Komorowski, Piotr"]
[Black "Zietak, Krzysztof"]
[Result "0-1"]
[WhiteElo "1822"]
[BlackElo "2023"]
[PlyCount "46"]
[EventDate "2008.11.09"]
[EventType "team-tourn"]
[EventRounds "11"]
[EventCountry "POL"]
[SourceTitle "EXT 2019"]
[Source "ChessBase"]
[SourceDate "2018.10.10"]
[SourceVersion "1"]
[SourceVersionDate "2018.10.10"]
[SourceQuality "1"]

1. e4 e6 2. d4 d5 3. Nc3 Bb4 4. e5 Ne7 5. Qg4 0-0 6. Bd3 c5 7. a3 Qa5 8. Bd2 cxd4 9. Qxd4 Nbc6 10. Qh4 Ng6 11. Bxg6 fxg6 12. Nf3 d4 13. 0-0 Bxc3 14. bxc3 dxc3 15. Be3 Bd7 16. Rfd1 Rxf3 17. gxf3 Nxe5 18. Qh3 Bc6 19. Qxe6+ Kh8 20. Rd6 Nxf3+ 21. Kg2 Ng5+ 22. Rxc6 Nxe6 23. Rxe6 Qd5+ 0-1

[Event "POL-chT3 Kujawsko Pomorskie 0708"]
[Site "Poland"]
[Date "2008.01.27"]
[Round "6.20"]
[White "Zietak, Krzysztof"]
[Black "Zielinski, Olgierd"]
[Result "1/2-1/2"]
[WhiteElo "2028"]
[BlackElo "2002"]
[PlyCount "89"]
[EventDate "2007.11.04"]
[EventType "team-tourn"]
[EventRounds "11"]
[EventCountry "POL"]
[SourceTitle "EXT 2019"]
[Source "ChessBase"]
[SourceDate "2018.10.10"]
[SourceVersion "1"]
[SourceVersionDate "2018.10.10"]
[SourceQuality "1"]

1. d4 Nf6 2. c4 g6 3. Nc3 d5 4. cxd5 Nxd5 5. e4 Nxc3 6. bxc3 Bg7 7. Nf3 c5 8. Rb1 0-0 9. Be2 cxd4 10. cxd4 Qa5+ 11. Qd2 Qxd2+ 12. Bxd2 b6 13. 0-0 Na6 14. Bc4 Bb7 15. e5 Rfc8 16. Rbc1 Nc7 17. Ng5 Nd5 18. Ne4 Rxc4 19. Rxc4 Ba6 20. Rc6 Bxf1 21. Kxf1 Bf8 22. Ke2 Rd8 23. f4 Rd7 24. Rc8 Kg7 25. g4 Nc7 26. Kd3 f6 27. Bb4 Nd5 28. exf6+ Kf7 29. Bxe7 Bxe7 30. fxe7 Rxe7 31. f5 gxf5 32. Nd6+ Kf6 33. Nxf5 Nf4+ 34. Kc4 Re2 35. Rf8+ Kg5 36. d5 Nxd5 37. Rg8+ Kf6 38. Kxd5 Rxh2 39. a3 Ra2 40. Nd6 h6 41. Rf8+ Kg5 42. Rg8+ Kf6 43. Nc4 b5 44. Nd6 Rxa3 45. Nxb5 1/2-1/2

[Event "POL-chT3 Kujawsko Pomorskie 0708"]
[Site "Poland"]
[Date "2008.01.13"]
[Round "5.20"]
[White "Borowski, Piotr"]
[Black "Zietak, Krzysztof"]
[Result "0-1"]
[WhiteElo "2014"]
[BlackElo "2028"]
[PlyCount "66"]
[EventDate "2007.11.04"]
[EventType "team-tourn"]
[EventRounds "11"]
[EventCountry "POL"]
[SourceTitle "EXT 2019"]
[Source "ChessBase"]
[SourceDate "2018.10.10"]
[SourceVersion "1"]
[SourceVersionDate "2018.10.10"]
[SourceQuality "1"]

1. e4 e6 2. d4 d5 3. Nc3 Bb4 4. e5 c5 5. a3 Bxc3+ 6. bxc3 Ne7 7. Qg4 0-0 8. Nf3 f5 9. exf6 Rxf6 10. Bg5 Nd7 11. Bxf6 Nxf6 12. Qh4 Nf5 13. Qf4 Qa5 14. Qd2 Ne4 15. Qd3 c4 16. Qd1 Qxc3+ 17. Ke2 Nxf2 18. Qd2 Qxa1 19. Kxf2 Qxa3 20. Ne5 Qe7 21. g4 Nd6 22. Bg2 Qh4+ 23. Ke2 Nf7 24. Nxf7 Kxf7 25. Rf1+ Kg8 26. Qf4 Qe7 27. Qe5 Qd8 28. Qf4 Bd7 29. Qf7+ Kh8 30. g5 Qe8 31. Qf4 Kg8 32. h4 Qg6 33. Kd2 Ba4 0-1

[Event "Pieczyska op"]
[Site "Pieczyska"]
[Date "2007.06.27"]
[Round "6"]
[White "Olszewski, Marek"]
[Black "Zietak, Krzysztof"]
[Result "1-0"]
[WhiteElo "2049"]
[BlackElo "2010"]
[PlyCount "60"]
[EventDate "2007.06.23"]
[EventType "swiss"]
[EventRounds "9"]
[EventCountry "POL"]
[SourceTitle "EXT 2008"]
[Source "ChessBase"]
[SourceDate "2007.11.25"]
[SourceVersion "1"]
[SourceVersionDate "2007.11.25"]
[SourceQuality "1"]

1. e4 e6 2. d4 d5 3. Nc3 Bb4 4. exd5 exd5 5. Bd3 Nc6 6. a3 Bxc3+ 7. bxc3 Be6 8. Rb1 Qe7 9. Ne2 0-0-0 10. 0-0 g5 11. f4 gxf4 12. Nxf4 h5 13. Nxe6 fxe6 14. Bf4 Rf8 15. Qe2 Nd8 16. c4 Nf6 17. a4 Rhg8 18. cxd5 Nxd5 19. Bd2 Rxf1+ 20. Rxf1 Qh4 21. c3 Nf6 22. Bf4 Nd5 23. Bd2 Nf6 24. Qf2 Qg4 25. Qf3 Qg7 26. Bf4 Nc6 27. Bb5 Ne7 28. Be5 Nf5 29. Bc4 Qf7 30. Qxf5 Rxg2+ 1-0

[Event "Pieczyska op"]
[Site "Pieczyska"]
[Date "2007.06.27"]
[Round "7"]
[White "Zietak, Krzysztof"]
[Black "Zembrzuska, Monika"]
[Result "1-0"]
[WhiteElo "2010"]
[BlackElo "2023"]
[PlyCount "45"]
[EventDate "2007.06.23"]
[EventType "swiss"]
[EventRounds "9"]
[EventCountry "POL"]
[SourceTitle "EXT 2008"]
[Source "ChessBase"]
[SourceDate "2007.11.25"]
[SourceVersion "1"]
[SourceVersionDate "2007.11.25"]
[SourceQuality "1"]

1. d4 d5 2. c4 c6 3. Nc3 Nf6 4. e3 e6 5. Nf3 Nbd7 6. Qc2 Be7 7. g4 h6 8. Rg1 dxc4 9. Bxc4 b5 10. Bb3 Bb7 11. g5 hxg5 12. Nxg5 Nf8 13. f4 Nd5 14. Qe2 Qb6 15. Bd2 Ba6 16. Qg2 Bf6 17. 0-0-0 Nb4 18. Kb1 c5 19. dxc5 Qb8 20. Nce4 Nd3 21. Nxf6+ gxf6 22. Qc6+ Ke7 23. Qxa6 1-0

[Event "Wloclawek Weekend Classic 2nd"]
[Site "Wloclawek"]
[Date "2007.03.25"]
[Round "3"]
[White "Jedryczka, Krystian"]
[Black "Zietak, Krzysztof"]
[Result "1/2-1/2"]
[WhiteElo "2326"]
[BlackElo "2020"]
[PlyCount "80"]
[EventDate "2007.03.23"]
[EventType "swiss"]
[EventRounds "5"]
[EventCountry "POL"]
[SourceTitle "EXT 2008"]
[Source "ChessBase"]
[SourceDate "2007.11.25"]
[SourceVersion "1"]
[SourceVersionDate "2007.11.25"]
[SourceQuality "1"]

1. e4 e6 2. d4 d5 3. Nc3 Bb4 4. exd5 exd5 5. Qf3 Qe7+ 6. Nge2 Nc6 7. Be3 Nf6 8. h3 Bxc3+ 9. bxc3 h6 10. Nf4 Be6 11. Bb5 0-0 12. 0-0 Rad8 13. Rab1 Na5 14. Bd3 b6 15. Ne2 Nb7 16. g4 Nh7 17. Nf4 Ng5 18. Qg2 Nd6 19. Rbe1 Qd7 20. Nh5 f6 21. f4 Nh7 22. f5 Bf7 23. Nf4 c6 24. h4 Rfe8 25. Nh3 Ne4 26. c4 Qd6 27. cxd5 cxd5 28. c4 Re7 29. Nf4 Rde8 30. Ng6 Bxg6 31. fxg6 Nf8 32. h5 Qa3 33. Rd1 Nc3 34. Bc1 Qa4 35. Rd2 dxc4 36. Bc2 Qd7 37. Ba3 Re2 38. Rf2 Re1+ 39. Rf1 Ne2+ 40. Kf2 Nf4 1/2-1/2

[Event "POL-chT3 0607"]
[Site "Poland"]
[Date "2007.01.28"]
[Round "6.23"]
[White "Zietak, Krzysztof"]
[Black "Bokiej, Przemyslaw"]
[Result "1-0"]
[WhiteElo "2020"]
[BlackElo "1984"]
[PlyCount "59"]
[EventDate "2006.11.12"]
[EventType "team"]
[EventRounds "11"]
[EventCountry "POL"]
[SourceTitle "EXT 2009"]
[Source "ChessBase"]
[SourceDate "2008.11.26"]
[SourceVersion "1"]
[SourceVersionDate "2008.11.26"]
[SourceQuality "1"]

1. d4 e6 2. c4 b6 3. a3 Bb7 4. Nc3 f5 5. d5 exd5 6. cxd5 Nf6 7. g3 a5 8. Bg2 Bc5 9. Nh3 0-0 10. 0-0 Na6 11. Bf4 Re8 12. Qd3 g6 13. Bg5 Bf8 14. Qd4 Bg7 15. Qh4 d6 16. Nf4 Bc8 17. Ne6 Qe7 18. e4 Qf7 19. exf5 Rb8 20. Rfe1 Bh8 21. fxg6 hxg6 22. Re3 Bxe6 23. dxe6 Rxe6 24. Bxf6 Bxf6 25. Qc4 Nc5 26. Rxe6 Nxe6 27. Bd5 Re8 28. Re1 Be5 29. f4 Kg7 30. fxe5 1-0

[Event "POL-chT3 0607"]
[Site "Poland"]
[Date "2007.01.07"]
[Round "4.29"]
[White "Zietak, Krzysztof"]
[Black "Oledzki, Adam"]
[Result "1-0"]
[WhiteElo "2020"]
[BlackElo "1899"]
[PlyCount "69"]
[EventDate "2006.11.12"]
[EventType "team"]
[EventRounds "11"]
[EventCountry "POL"]
[SourceTitle "EXT 2009"]
[Source "ChessBase"]
[SourceDate "2008.11.26"]
[SourceVersion "1"]
[SourceVersionDate "2008.11.26"]
[SourceQuality "1"]

1. d4 g6 2. c4 Bg7 3. Nc3 Nf6 4. e4 d6 5. f3 0-0 6. Bg5 c6 7. Qd2 e5 8. d5 h5 9. h3 Qc7 10. g4 Nbd7 11. Nge2 cxd5 12. cxd5 b5 13. Nxb5 Qb6 14. Ng3 Ba6 15. Nc7 Qxc7 16. Bxa6 Qb6 17. Be2 Rab8 18. b3 Rfc8 19. gxh5 gxh5 20. Nf5 Kh7 21. Bxf6 Nxf6 22. Nxg7 Kxg7 23. Qg5+ Kh7 24. Qf5+ Kg7 25. Kf1 Ng8 26. Rg1+ Kf8 27. Qg5 Ne7 28. Bc4 Ng6 29. Qf6 Nf4 30. Rg7 Rb7 31. Rh7 Ng6 32. Rc1 h4 33. Kg2 Qd8 34. Qg7+ Ke8 35. Bb5+ 1-0

[Event "Torun O Pietruszke"]
[Site "Torun"]
[Date "2006.06.04"]
[Round "9"]
[White "Zietak, Krzysztof"]
[Black "Wierzbicki, Slawomir"]
[Result "1-0"]
[WhiteElo "2036"]
[BlackElo "1969"]
[PlyCount "33"]
[EventDate "2006.05.26"]
[EventType "tourn"]
[EventRounds "9"]
[EventCountry "POL"]
[SourceTitle "EXT 2007"]
[Source "ChessBase"]
[SourceDate "2006.11.23"]
[SourceVersion "1"]
[SourceVersionDate "2006.11.23"]
[SourceQuality "1"]

1. d4 Nf6 2. c4 e6 3. Nf3 c5 4. d5 exd5 5. cxd5 g6 6. Nc3 d6 7. h3 Bg7 8. e4 0-0 9. Bd3 Re8 10. 0-0 b5 11. Bxb5 Nxe4 12. Bxe8 Nxc3 13. bxc3 Qxe8 14. Re1 Qd8 15. Bg5 f6 16. Bf4 Na6 17. Qa4 1-0

[Event "Torun-ch"]
[Site "Torun"]
[Date "2006.??.??"]
[Round "4"]
[White "Bokiej, Przemyslaw"]
[Black "Zietak, Krzysztof"]
[Result "1-0"]
[WhiteElo "1842"]
[BlackElo "2036"]
[PlyCount "87"]
[EventDate "2006.??.??"]
[EventType "swiss"]
[EventRounds "9"]
[EventCountry "POL"]
[SourceTitle "EXT 2007"]
[Source "ChessBase"]
[SourceDate "2006.11.23"]
[SourceVersion "1"]
[SourceVersionDate "2006.11.23"]
[SourceQuality "1"]

1. e4 e6 2. d3 d5 3. Nd2 c5 4. Ngf3 Nc6 5. g3 Nf6 6. Bg2 Be7 7. 0-0 0-0 8. Re1 Re8 9. e5 Nd7 10. Nf1 b5 11. h4 b4 12. N1h2 a5 13. Ng4 Bf8 14. Bg5 Qc7 15. h5 h6 16. Bf4 a4 17. a3 bxa3 18. bxa3 Na5 19. Qc1 Kh7 20. Ngh2 Ba6 21. g4 g5 22. Bg3 Bg7 23. Qe3 Rab8 24. Nd2 Nc6 25. Nhf3 Rb2 26. c4 Ne7 27. Nh2 Kh8 28. f4 d4 29. Qf2 gxf4 30. Qxf4 Kg8 31. g5 Bxe5 32. Qg4 Bxg3 33. gxh6+ Ng6 34. hxg6 Bxh2+ 35. Kh1 Qg3 36. gxf7+ Kxf7 37. Qh5+ Ke7 38. Rxe6+ Kxe6 39. Qxe8+ Kf5 40. Qxd7+ Kg6 41. Be4+ Kxh6 42. Qh7+ Kg5 43. Qg6+ Kf4 44. Qf5+ 1-0

[Event "Chojnice op-A 2nd"]
[Site "Chojnice"]
[Date "2006.??.??"]
[Round "5"]
[White "Olszewski, Marek"]
[Black "Zietak, Krzysztof"]
[Result "1-0"]
[WhiteElo "2152"]
[BlackElo "2023"]
[PlyCount "72"]
[EventDate "2006.07.??"]
[EventType "swiss"]
[EventRounds "9"]
[EventCountry "POL"]
[SourceTitle "EXT 2007"]
[Source "ChessBase"]
[SourceDate "2006.11.23"]
[SourceVersion "1"]
[SourceVersionDate "2006.11.23"]
[SourceQuality "1"]

1. e4 e6 2. d4 d5 3. e5 c5 4. c3 Nc6 5. a3 Qb6 6. Nf3 Bd7 7. Be2 cxd4 8. cxd4 Nge7 9. Nc3 Nf5 10. Na4 Qd8 11. 0-0 Be7 12. g4 Nh4 13. Nxh4 Bxh4 14. Be3 0-0 15. Nc5 Bc8 16. Rc1 Ne7 17. Nd3 f5 18. exf6 gxf6 19. f4 h6 20. Qd2 Rf7 21. Kh1 Rh7 22. Rc3 b6 23. Nc1 Bb7 24. Bf3 Qd6 25. Nd3 Nc6 26. Qg2 Qd8 27. Qh3 e5 28. fxe5 Bg5 29. Bf2 Qd7 30. Qg2 Rd8 31. h4 fxe5 32. Rxc6 Bxc6 33. Nxe5 Qd6 34. hxg5 hxg5+ 35. Kg1 Bb5 36. Rc1 Kg7 1-0

[Event "Chojnice op-A 2nd"]
[Site "Chojnice"]
[Date "2006.??.??"]
[Round "4"]
[White "Zietak, Krzysztof"]
[Black "Halas, Przemyslaw"]
[Result "0-1"]
[WhiteElo "2023"]
[BlackElo "2077"]
[PlyCount "76"]
[EventDate "2006.07.??"]
[EventType "swiss"]
[EventRounds "9"]
[EventCountry "POL"]
[SourceTitle "EXT 2007"]
[Source "ChessBase"]
[SourceDate "2006.11.23"]
[SourceVersion "1"]
[SourceVersionDate "2006.11.23"]
[SourceQuality "1"]

1. d4 Nf6 2. c4 e6 3. Nf3 Bb4+ 4. Bd2 Be7 5. Nc3 d5 6. Qc2 b6 7. cxd5 exd5 8. Bf4 0-0 9. e3 c5 10. dxc5 bxc5 11. Bd3 Nc6 12. a3 c4 13. Bf5 d4 14. exd4 Nxd4 15. Nxd4 Qxd4 16. Be4 Nxe4 17. Qxe4 Qxe4+ 18. Nxe4 Bf5 19. f3 Rfe8 20. 0-0-0 Bxe4 21. fxe4 c3 22. Rhe1 g5 23. Be5 cxb2+ 24. Bxb2 Rec8+ 25. Kb1 Rab8 26. Re3 Rb7 27. Rd2 g4 28. Ka2 Bg5 29. Red3 Bxd2 30. Rxd2 Kf8 31. Bf6 Ke8 32. Rd5 Rb6 33. e5 Rbc6 34. Ra5 Rc2+ 35. Kb3 Rxg2 36. Rxa7 Rxh2 37. e6 fxe6 38. Rg7 h5 0-1

[Event "Torun-ch"]
[Site "Torun"]
[Date "2006.??.??"]
[Round "2"]
[White "Zietak, Krzysztof"]
[Black "Kos, Pawel"]
[Result "0-1"]
[WhiteElo "2036"]
[BlackElo "2253"]
[PlyCount "60"]
[EventDate "2006.??.??"]
[EventType "swiss"]
[EventRounds "9"]
[EventCountry "POL"]
[SourceTitle "EXT 2007"]
[Source "ChessBase"]
[SourceDate "2006.11.23"]
[SourceVersion "1"]
[SourceVersionDate "2006.11.23"]
[SourceQuality "1"]

1. d4 Nf6 2. c4 g6 3. Nc3 Bg7 4. e4 d6 5. f3 0-0 6. Bg5 c5 7. d5 e6 8. Qd2 exd5 9. Nxd5 Be6 10. Ne2 Nc6 11. Nec3 Bxd5 12. cxd5 Nd4 13. Bd3 b5 14. Nxb5 Nxb5 15. Bxb5 Rb8 16. Bc6 h6 17. Bxf6 Qxf6 18. Rb1 Qh4+ 19. Qf2 Qe7 20. Qe2 Bd4 21. Kf1 Qg5 22. h4 Qf4 23. b3 f5 24. exf5 Rxf5 25. Qe6+ Kg7 26. h5 gxh5 27. Rh3 Re5 28. Qd7+ Kh8 29. Qxa7 Rf8 30. Qa5 Qe3 0-1

[Event "Wloclawek Weekend Classic 1st"]
[Site "Wloclawek"]
[Date "2006.??.??"]
[Round "5"]
[White "Zietak, Krzysztof"]
[Black "Lewandowski, Marek"]
[Result "1/2-1/2"]
[WhiteElo "2023"]
[BlackElo "1932"]
[PlyCount "59"]
[EventDate "2006.08.??"]
[EventType "swiss"]
[EventRounds "5"]
[EventCountry "POL"]
[SourceTitle "EXT 2007"]
[Source "ChessBase"]
[SourceDate "2006.11.23"]
[SourceVersion "1"]
[SourceVersionDate "2006.11.23"]
[SourceQuality "1"]

1. d4 d5 2. c4 e6 3. Nc3 Nf6 4. Nf3 c6 5. e3 Bd6 6. Qc2 0-0 7. e4 dxe4 8. Nxe4 Nxe4 9. Qxe4 Bb4+ 10. Bd2 Bxd2+ 11. Nxd2 c5 12. dxc5 Qa5 13. a3 Qxc5 14. b4 Qc7 15. Be2 f5 16. Qc2 e5 17. 0-0 Nc6 18. Nb3 Rf6 19. b5 Ne7 20. c5 Rh6 21. Nd2 Be6 22. Rfd1 e4 23. Nf1 Qe5 24. Rac1 Rc8 25. Bc4 f4 26. Rd6 Kf8 27. Qd1 Bxc4 28. Rxh6 gxh6 29. Rxc4 Rxc5 30. Rxc5 1/2-1/2

[Event "Wloclawek Weekend Classic 1st"]
[Site "Wloclawek"]
[Date "2006.??.??"]
[Round "2"]
[White "Zietak, Krzysztof"]
[Black "Lubicki, Bartosz"]
[Result "0-1"]
[WhiteElo "2023"]
[BlackElo "2055"]
[PlyCount "64"]
[EventDate "2006.08.??"]
[EventType "swiss"]
[EventRounds "5"]
[EventCountry "POL"]
[SourceTitle "EXT 2007"]
[Source "ChessBase"]
[SourceDate "2006.11.23"]
[SourceVersion "1"]
[SourceVersionDate "2006.11.23"]
[SourceQuality "1"]

1. d4 Nf6 2. c4 g6 3. Nc3 d5 4. cxd5 Nxd5 5. e4 Nxc3 6. bxc3 Bg7 7. Nf3 0-0 8. Rb1 c5 9. Be2 Qa5 10. 0-0 a6 11. Qb3 Nd7 12. Bc4 b5 13. Bd5 Ra7 14. e5 c4 15. Qd1 Nb6 16. Be4 Bb7 17. Bxb7 Rxb7 18. Qc2 Nd5 19. Bd2 Qa3 20. Rfc1 e6 21. Ng5 Rfb8 22. Ne4 Rc7 23. Rf1 Bf8 24. Bc1 Qa5 25. a3 Rc6 26. Qd2 Bxa3 27. Bxa3 Qxa3 28. Rb4 Kg7 29. Nf6 Qxc3 30. Qg5 Qxb4 31. f4 c3 32. Rf3 c2 0-1

[Event "Torun-ch"]
[Site "Torun"]
[Date "2006.??.??"]
[Round "9"]
[White "Zietak, Krzysztof"]
[Black "Rzoska, Kamil"]
[Result "0-1"]
[WhiteElo "2036"]
[BlackElo "2178"]
[PlyCount "104"]
[EventDate "2006.??.??"]
[EventType "swiss"]
[EventRounds "9"]
[EventCountry "POL"]
[SourceTitle "EXT 2007"]
[Source "ChessBase"]
[SourceDate "2006.11.23"]
[SourceVersion "1"]
[SourceVersionDate "2006.11.23"]
[SourceQuality "1"]

1. d4 d5 2. c4 c6 3. Nf3 Nf6 4. Nc3 e6 5. e3 Nbd7 6. b3 b6 7. Bd3 Bb7 8. 0-0 c5 9. cxd5 exd5 10. Bb2 Be7 11. Rc1 0-0 12. Bb1 Rc8 13. Re1 Re8 14. Ne5 a6 15. Qd3 Nf8 16. Rcd1 Bd6 17. Ne2 b5 18. Rc1 Ne4 19. Nf4 cxd4 20. exd4 f6 21. Rxc8 Qxc8 22. Nh5 fxe5 23. f3 Nf6 24. Nxg7 Kxg7 25. dxe5 Kg8 26. Kf1 Bb8 27. exf6 Rxe1+ 28. Kxe1 Qe6+ 29. Kf1 Be5 30. Ba3 Qxf6 31. Bxf8 Kxf8 32. Qxh7 Bc8 33. h4 Bf4 34. Qc2 Bd7 35. Qc5+ Qd6 36. Qd4 Be5 37. Qd2 b4 38. Qg5 Bb5+ 39. Kg1 Bf4 40. Qf5+ Ke7 41. g4 Qc5+ 42. Kg2 Qc1 43. Qh7+ Kd8 44. Qg8+ Kc7 45. Qf7+ Kb8 46. Qg8+ Ka7 47. Qg7+ Kb6 48. Qd4+ Ka5 49. Qg1 Qb2+ 50. Kh3 Qe2 51. Qg2 Qe1 52. Bf5 Bf1 0-1

[Event "Warsaw AIG Life rapid"]
[Site "Warsaw"]
[Date "2005.12.18"]
[Round "9"]
[White "Zietak, Krzysztof"]
[Black "Szymanski, Marcin"]
[Result "0-1"]
[WhiteElo "2036"]
[BlackElo "2434"]
[PlyCount "90"]
[EventDate "2005.12.17"]
[EventType "swiss (rapid)"]
[EventRounds "13"]
[EventCountry "POL"]
[SourceTitle "CBM 110 Extra"]
[Source "ChessBase"]
[SourceDate "2006.03.10"]
[SourceVersion "2"]
[SourceVersionDate "2006.03.10"]
[SourceQuality "1"]

1. d4 Nf6 2. c4 e6 3. Nc3 Bb4 4. Qc2 0-0 5. a3 Bxc3+ 6. Qxc3 Ne4 7. Qc2 f5 8. e3 b6 9. Bd3 Bb7 10. f3 Qh4+ 11. g3 Nxg3 12. Qf2 f4 13. exf4 Nf5 14. Qxh4 Nxh4 15. Kf2 Nc6 16. Ne2 Nxf3 17. Be4 Ng5 18. Bg2 Na5 19. Bxb7 Nxb7 20. h4 Ne4+ 21. Kf3 Ned6 22. b3 Nf5 23. Bd2 Rf7 24. Bc3 Raf8 25. Rag1 a5 26. Rg5 d5 27. Bb2 Nbd6 28. cxd5 exd5 29. Rgg1 Ne4 30. Rd1 Nfg3 31. Bc1 Nxe2 32. Kxe2 Ng3+ 33. Kf3 Nxh1 34. Rxh1 Re8 35. Be3 Re4 36. Rc1 Rfe7 37. Rc3 Kf7 38. Rd3 Kf6 39. Rc3 Kf5 40. b4 axb4 41. axb4 Rxe3+ 42. Rxe3 Rxe3+ 43. Kxe3 Kg4 44. b5 h5 45. f5 Kxf5 0-1